[Event "Deutsche Ländermeisterschaft 2025"]
[Site "Oer-Erkenschwick GER"]
[Date "2025.10.03"]
[Round "4"]
[White "Mai, Mariella"]
[Black "Mkrtchyan, Nona"]
[Result "1-0"]
[Termination "normal"]
[Board "8.6"]
[WhiteElo "1748"]
[BlackElo "1607"]
[WhiteClock "00:14:04"]
[BlackClock "00:07:23"]
[WhiteTeam "Sachsen"]
[BlackTeam "Hamburg 2"]
[PlyCount "67"]
[WhiteFideId "16281780"]
[BlackFideId "34681841"]
[EventCountry "GER"]
[EventRounds "7"]
[EventType "team-swiss"]
[EventDate "2025.09.30"]

1. Nf3 {[%clk 01:30:57]} {[%emt 00:00:02]} d5 {[%clk 01:30:54]} {[%emt
00:00:07]} 2. d4 {[%clk 01:30:12]} {[%emt 00:01:14]} Nf6 {[%clk 01:30:41]}
{[%emt 00:00:42]} 3. b3 {[%clk 01:30:13]} {[%emt 00:00:29]} h6 {[%clk
01:30:04]} {[%emt 00:01:08]} 4. Nbd2 {[%clk 01:29:15]} {[%emt 00:01:28]} Bf5
{[%clk 01:29:44]} {[%emt 00:00:49]} 5. e3 {[%clk 01:29:01]} {[%emt 00:00:44]}
e6 {[%clk 01:28:55]} {[%emt 00:01:20]} 6. Bb2 {[%clk 01:27:16]} {[%emt
00:02:16]} Nbd7 {[%clk 01:27:53]} {[%emt 00:01:31]} 7. Be2 {[%clk 01:26:42]}
{[%emt 00:01:04]} Bd6 {[%clk 01:20:21]} {[%emt 00:08:01]} 8. O-O {[%clk
01:25:32]} {[%emt 00:01:41]} O-O {[%clk 01:20:42]} {[%emt 00:00:09]} 9. c4
{[%clk 01:25:53]} {[%emt 00:00:09]} b6 {[%clk 01:20:25]} {[%emt 00:00:47]} 10.
Rc1 {[%clk 01:23:27]} {[%emt 00:02:56]} c5 {[%clk 01:14:29]} {[%emt 00:06:26]}
11. h3 {[%clk 01:13:53]} {[%emt 00:10:05]} Nh7 {[%clk 01:08:18]} {[%emt
00:06:41]} 12. Re1 {[%clk 01:09:45]} {[%emt 00:04:37]} Ng5 {[%clk 01:07:29]}
{[%emt 00:01:19]} 13. Nxg5 {[%clk 01:08:25]} {[%emt 00:01:50]} Qxg5 {[%clk
01:07:45]} {[%emt 00:00:13]} 14. Nf3 {[%clk 01:07:49]} {[%emt 00:01:07]} Qe7
{[%clk 01:04:05]} {[%emt 00:04:09]} 15. dxc5 {[%clk 01:04:17]} {[%emt
00:04:03]} Nxc5 {[%clk 01:01:35]} {[%emt 00:02:59]} 16. cxd5 {[%clk 01:02:24]}
{[%emt 00:02:24]} e5 {[%clk 00:55:58]} {[%emt 00:06:07]} 17. Bc4 {[%clk
00:44:53]} {[%emt 00:18:01]} Bd7 {[%clk 00:46:04]} {[%emt 00:10:24]} 18. e4
{[%clk 00:39:17]} {[%emt 00:06:06]} h5 {[%clk 00:41:44]} {[%emt 00:04:49]} 19.
Qd2 {[%clk 00:33:52]} {[%emt 00:05:56]} Nxe4 {[%clk 00:27:04]} {[%emt
00:15:10]} 20. Rxe4 {[%clk 00:32:37]} {[%emt 00:01:44]} f5 {[%clk 00:27:20]}
{[%emt 00:00:15]} 21. Rxe5 {[%clk 00:31:51]} {[%emt 00:01:16]} Qf7 {[%clk
00:26:41]} {[%emt 00:01:09]} 22. Ree1 {[%clk 00:30:13]} {[%emt 00:02:06]} b5
{[%clk 00:24:47]} {[%emt 00:02:26]} 23. Bf1 {[%clk 00:30:06]} {[%emt 00:00:36]}
a5 {[%clk 00:24:55]} {[%emt 00:00:23]} 24. Ne5 {[%clk 00:28:51]} {[%emt
00:01:45]} Qe8 {[%clk 00:21:49]} {[%emt 00:03:37]} 25. Nxd7 {[%clk 00:27:07]}
{[%emt 00:02:13]} Qxd7 {[%clk 00:22:12]} {[%emt 00:00:08]} 26. Qg5 {[%clk
00:26:25]} {[%emt 00:01:10]} Ra7 {[%clk 00:22:37]} {[%emt 00:00:07]} 27. Re6
{[%clk 00:20:12]} {[%emt 00:06:39]} Bb8 {[%clk 00:20:57]} {[%emt 00:02:13]} 28.
Rce1 {[%clk 00:17:25]} {[%emt 00:03:17]} Bd6 {[%clk 00:14:25]} {[%emt
00:07:03]} 29. Bxb5 {[%clk 00:15:50]} {[%emt 00:02:05]} Qxb5 {[%clk 00:11:54]}
{[%emt 00:03:00]} 30. Rxd6 {[%clk 00:15:59]} {[%emt 00:00:20]} Raf7 {[%clk
00:12:02]} {[%emt 00:00:22]} 31. Rg6 {[%clk 00:14:34]} {[%emt 00:01:51]} Qd7
{[%clk 00:12:00]} {[%emt 00:00:37]} 32. d6 {[%clk 00:14:12]} {[%emt 00:00:52]}
f4 {[%clk 00:07:45]} {[%emt 00:04:45]} 33. Re7 {[%clk 00:13:54]} {[%emt
00:00:46]} Rxe7 {[%clk 00:07:23]} {[%emt 00:00:54]} 34. dxe7 {[%clk 00:14:04]}
{[%emt 00:00:19]} 1-0

[Event "Deutsche Ländermeisterschaft 2025"]
[Site "Oer-Erkenschwick GER"]
[Date "2025.10.03"]
[Round "4"]
[White "Blöcher, Mina"]
[Black "Glotz, Diana"]
[Result "0-1"]
[Termination "normal"]
[Board "8.7"]
[WhiteElo "1571"]
[BlackElo "1692"]
[WhiteClock "00:07:38"]
[BlackClock "00:00:53"]
[WhiteTeam "Hamburg 2"]
[BlackTeam "Sachsen"]
[PlyCount "80"]
[WhiteFideId "34663339"]
[BlackFideId "16278500"]
[EventCountry "GER"]
[EventRounds "7"]
[EventType "team-swiss"]
[EventDate "2025.09.30"]

1. d4 {[%clk 01:30:58]} {[%emt 00:00:01]} d5 {[%clk 01:30:12]} {[%emt
00:00:48]} 2. c4 {[%clk 01:31:16]} {[%emt 00:00:12]} e6 {[%clk 01:30:31]}
{[%emt 00:00:10]} 3. Nc3 {[%clk 01:31:37]} {[%emt 00:00:09]} Nf6 {[%clk
01:30:47]} {[%emt 00:00:15]} 4. Bg5 {[%clk 01:31:44]} {[%emt 00:00:24]} c6
{[%clk 01:30:37]} {[%emt 00:00:39]} 5. e3 {[%clk 01:31:06]} {[%emt 00:01:09]}
Nbd7 {[%clk 01:30:21]} {[%emt 00:00:45]} 6. Nf3 {[%clk 01:29:55]} {[%emt
00:01:42]} Be7 {[%clk 01:28:52]} {[%emt 00:01:58]} 7. Qc2 {[%clk 01:26:32]}
{[%emt 00:03:53]} h6 {[%clk 01:26:08]} {[%emt 00:03:14]} 8. Bh4 {[%clk
01:24:35]} {[%emt 00:02:27]} O-O {[%clk 01:24:05]} {[%emt 00:02:33]} 9. Be2
{[%clk 01:19:28]} {[%emt 00:05:38]} Re8 {[%clk 01:13:56]} {[%emt 00:10:38]} 10.
Bg3 {[%clk 01:16:50]} {[%emt 00:03:08]} Nf8 {[%clk 01:10:23]} {[%emt 00:04:03]}
11. h4 {[%clk 01:15:07]} {[%emt 00:02:13]} dxc4 {[%clk 01:04:01]} {[%emt
00:06:53]} 12. Bxc4 {[%clk 01:13:26]} {[%emt 00:02:10]} Bd6 {[%clk 01:02:10]}
{[%emt 00:02:21]} 13. Bxd6 {[%clk 01:09:13]} {[%emt 00:04:43]} Qxd6 {[%clk
01:02:33]} {[%emt 00:00:08]} 14. Ne5 {[%clk 01:06:11]} {[%emt 00:03:31]} N8d7
{[%clk 00:58:29]} {[%emt 00:04:34]} 15. f4 {[%clk 01:00:30]} {[%emt 00:06:12]}
Nb6 {[%clk 00:39:38]} {[%emt 00:19:21]} 16. Be2 {[%clk 00:57:17]} {[%emt
00:03:43]} Nbd5 {[%clk 00:38:55]} {[%emt 00:01:13]} 17. Rh3 {[%clk 00:44:45]}
{[%emt 00:13:01]} Nxc3 {[%clk 00:36:19]} {[%emt 00:03:06]} 18. bxc3 {[%clk
00:43:48]} {[%emt 00:01:27]} Bd7 {[%clk 00:29:16]} {[%emt 00:07:34]} 19. h5
{[%clk 00:43:12]} {[%emt 00:01:05]} Nd5 {[%clk 00:20:14]} {[%emt 00:09:33]} 20.
Rg3 {[%clk 00:37:03]} {[%emt 00:06:38]} Ne7 {[%clk 00:17:14]} {[%emt 00:03:31]}
21. Ng4 {[%clk 00:31:37]} {[%emt 00:05:56]} Kh8 {[%clk 00:14:58]} {[%emt
00:02:46]} 22. Ne5 {[%clk 00:30:53]} {[%emt 00:01:13]} Rf8 {[%clk 00:14:20]}
{[%emt 00:01:09]} 23. Rh3 {[%clk 00:30:08]} {[%emt 00:01:16]} Be8 {[%clk
00:12:23]} {[%emt 00:02:26]} 24. g4 {[%clk 00:28:43]} {[%emt 00:01:55]} f6
{[%clk 00:08:07]} {[%emt 00:04:47]} 25. Ng6+ {[%clk 00:25:09]} {[%emt
00:04:03]} Bxg6 {[%clk 00:08:17]} {[%emt 00:00:20]} 26. hxg6 {[%clk 00:25:17]}
{[%emt 00:00:22]} f5 {[%clk 00:07:33]} {[%emt 00:01:15]} 27. g5 {[%clk
00:24:35]} {[%emt 00:01:11]} Nxg6 {[%clk 00:07:11]} {[%emt 00:00:52]} 28. gxh6
{[%clk 00:24:56]} {[%emt 00:00:09]} gxh6 {[%clk 00:07:12]} {[%emt 00:00:29]}
29. Rxh6+ {[%clk 00:24:29]} {[%emt 00:00:57]} Kg7 {[%clk 00:07:34]} {[%emt
00:00:08]} 30. Rh3 {[%clk 00:24:20]} {[%emt 00:00:37]} Rh8 {[%clk 00:07:31]}
{[%emt 00:00:35]} 31. Rg3 {[%clk 00:24:09]} {[%emt 00:00:41]} Kf7 {[%clk
00:06:10]} {[%emt 00:01:51]} 32. Qb3 {[%clk 00:21:54]} {[%emt 00:02:45]} b6
{[%clk 00:03:58]} {[%emt 00:02:42]} 33. O-O-O {[%clk 00:19:59]} {[%emt
00:02:24]} Nxf4 {[%clk 00:02:52]} {[%emt 00:01:37]} 34. exf4 {[%clk 00:14:00]}
{[%emt 00:06:28]} Qxf4+ {[%clk 00:03:13]} {[%emt 00:00:10]} 35. Kb1 {[%clk
00:11:19]} {[%emt 00:03:09]} Qxg3 {[%clk 00:03:31]} {[%emt 00:00:13]} 36. Bc4
{[%clk 00:11:02]} {[%emt 00:00:46]} Qd6 {[%clk 00:02:47]} {[%emt 00:01:15]} 37.
Re1 {[%clk 00:09:34]} {[%emt 00:01:58]} Rh6 {[%clk 00:02:23]} {[%emt 00:00:54]}
38. Rg1 {[%clk 00:08:52]} {[%emt 00:01:12]} Rg8 {[%clk 00:01:56]} {[%emt
00:00:57]} 39. Rf1 {[%clk 00:08:27]} {[%emt 00:00:55]} Kf6 {[%clk 00:01:38]}
{[%emt 00:00:48]} 40. Qc2 {[%clk 00:07:38]} {[%emt 00:01:18]} Rh2 {[%clk
00:00:53]} {[%emt 00:01:16]} 0-1

[Event "Deutsche Ländermeisterschaft 2025"]
[Site "Oer-Erkenschwick GER"]
[Date "2025.10.03"]
[Round "4"]
[White "Lange, Lene Marie"]
[Black "Seyedfakhari, Elena"]
[Result "1-0"]
[Termination "normal"]
[Board "8.8"]
[WhiteElo "1600"]
[BlackElo "1469"]
[WhiteClock "00:59:59"]
[BlackClock "00:51:11"]
[WhiteTeam "Sachsen"]
[BlackTeam "Hamburg 2"]
[PlyCount "129"]
[WhiteFideId "34639748"]
[BlackFideId "34639888"]
[EventCountry "GER"]
[EventRounds "7"]
[EventType "team-swiss"]
[EventDate "2025.09.30"]

1. d4 {[%clk 01:30:58]} {[%emt 21:16:45]} d5 {[%clk 01:30:52]} {[%emt
00:00:08]} 2. Bf4 {[%clk 01:31:13]} {[%emt 00:00:15]} Nc6 {[%clk 01:31:02]}
{[%emt 00:00:20]} 3. Nf3 {[%clk 01:31:25]} {[%emt 00:00:18]} Nf6 {[%clk
01:30:42]} {[%emt 00:00:49]} 4. e3 {[%clk 01:31:13]} {[%emt 00:00:42]} Nb8
{[%clk 01:30:08]} {[%emt 00:01:05]} 5. Nbd2 {[%clk 01:30:49]} {[%emt 00:00:54]}
e6 {[%clk 01:30:19]} {[%emt 00:00:18]} 6. Bd3 {[%clk 01:29:51]} {[%emt
00:01:29]} c5 {[%clk 01:29:55]} {[%emt 00:00:54]} 7. c3 {[%clk 01:29:41]}
{[%emt 00:00:40]} Be7 {[%clk 01:29:29]} {[%emt 00:00:55]} 8. Qc2 {[%clk
01:25:52]} {[%emt 00:04:19]} O-O {[%clk 01:29:12]} {[%emt 00:00:47]} 9. O-O
{[%clk 01:25:43]} {[%emt 00:00:39]} Nc6 {[%clk 01:28:31]} {[%emt 00:01:11]} 10.
Ne5 {[%clk 01:24:29]} {[%emt 00:01:45]} g6 {[%clk 01:25:28]} {[%emt 00:03:30]}
11. Ndf3 {[%clk 01:23:09]} {[%emt 00:01:52]} Nh5 {[%clk 01:23:58]} {[%emt
00:02:00]} 12. Bh6 {[%clk 01:20:56]} {[%emt 00:02:43]} Re8 {[%clk 01:23:21]}
{[%emt 00:01:03]} 13. Bb5 {[%clk 01:20:40]} {[%emt 00:00:50]} Bd7 {[%clk
01:22:29]} {[%emt 00:01:22]} 14. Nxd7 {[%clk 01:20:52]} {[%emt 00:00:19]} Qxd7
{[%clk 01:22:30]} {[%emt 00:00:29]} 15. Ne5 {[%clk 01:20:45]} {[%emt 00:00:36]}
Qc7 {[%clk 01:21:17]} {[%emt 00:01:40]} 16. Qa4 {[%clk 01:20:07]} {[%emt
00:01:10]} Rec8 {[%clk 01:19:49]} {[%emt 00:01:59]} 17. Bxc6 {[%clk 01:17:07]}
{[%emt 00:03:30]} bxc6 {[%clk 01:19:37]} {[%emt 00:00:42]} 18. Rac1 {[%clk
01:16:39]} {[%emt 00:00:58]} f6 {[%clk 01:18:04]} {[%emt 00:02:03]} 19. Nf3
{[%clk 01:15:57]} {[%emt 00:01:12]} g5 {[%clk 01:17:48]} {[%emt 00:00:46]} 20.
h4 {[%clk 01:14:10]} {[%emt 00:02:17]} gxh4 {[%clk 01:16:11]} {[%emt 00:02:06]}
21. Nxh4 {[%clk 01:14:21]} {[%emt 00:00:20]} f5 {[%clk 01:14:48]} {[%emt
00:01:53]} 22. Nf3 {[%clk 01:14:32]} {[%emt 00:00:20]} f4 {[%clk 01:13:41]}
{[%emt 00:01:36]} 23. dxc5 {[%clk 01:13:56]} {[%emt 00:01:07]} Bxc5 {[%clk
01:13:23]} {[%emt 00:00:46]} 24. Bxf4 {[%clk 01:13:03]} {[%emt 00:01:24]} Nxf4
{[%clk 01:13:27]} {[%emt 00:00:26]} 25. Qxf4 {[%clk 01:13:26]} {[%emt
00:00:07]} Qxf4 {[%clk 01:12:25]} 26. exf4 {[%clk 01:13:26]} Rf8 {[%clk
01:11:55]} {[%emt 00:02:35]} 27. g3 {[%clk 01:13:07]} {[%emt 00:01:16]} Rae8
{[%clk 01:10:40]} {[%emt 00:01:46]} 28. Ne5 {[%clk 01:13:08]} {[%emt 00:00:29]}
Rc8 {[%clk 01:07:41]} {[%emt 00:03:29]} 29. Nd7 {[%clk 01:13:09]} {[%emt
00:00:29]} Bd6 {[%clk 01:04:09]} {[%emt 00:04:00]} 30. Nxf8 {[%clk 01:12:44]}
{[%emt 00:00:57]} Rxf8 {[%clk 01:03:59]} {[%emt 00:00:39]} 31. Rfe1 {[%clk
01:12:20]} {[%emt 00:00:55]} Bc5 {[%clk 01:03:15]} {[%emt 00:01:13]} 32. Rxe6
{[%clk 01:11:18]} {[%emt 00:01:32]} Rc8 {[%clk 01:02:37]} {[%emt 00:01:08]} 33.
Rce1 {[%clk 01:10:30]} {[%emt 00:01:17]} Rc7 {[%clk 01:01:47]} {[%emt
00:01:21]} 34. b3 {[%clk 01:10:13]} {[%emt 00:00:48]} Rg7 {[%clk 01:01:17]}
{[%emt 00:00:51]} 35. Kg2 {[%clk 01:10:03]} {[%emt 00:00:48]} Rc7 {[%clk
01:00:27]} {[%emt 00:01:19]} 36. c4 {[%clk 01:10:02]} {[%emt 00:00:33]} d4
{[%clk 01:00:27]} {[%emt 00:00:26]} 37. R1e5 {[%clk 01:09:32]} {[%emt
00:01:03]} Bb4 {[%clk 00:59:42]} {[%emt 00:01:14]} 38. Re8+ {[%clk 01:06:47]}
{[%emt 00:03:17]} Kg7 {[%clk 00:59:49]} {[%emt 00:00:22]} 39. Re4 {[%clk
01:05:25]} {[%emt 00:01:52]} Rd7 {[%clk 00:58:46]} {[%emt 00:01:34]} 40. a3
{[%clk 01:01:36]} {[%emt 00:04:19]} Bxa3 {[%clk 00:58:36]} {[%emt 00:00:39]}
41. Re1 {[%clk 01:01:55]} {[%emt 00:00:11]} d3 {[%clk 00:58:08]} {[%emt
00:00:58]} 42. Rd1 {[%clk 01:02:01]} {[%emt 00:00:24]} d2 {[%clk 00:58:10]}
{[%emt 00:00:28]} 43. Re2 {[%clk 01:01:58]} {[%emt 00:00:33]} Bb4 {[%clk
00:58:18]} {[%emt 00:00:20]} 44. c5 {[%clk 01:01:56]} {[%emt 00:00:34]} Rd5
{[%clk 00:57:25]} {[%emt 00:01:11]} 45. Re7+ {[%clk 01:00:43]} {[%emt
00:01:55]} Kg6 {[%clk 00:57:12]} {[%emt 00:00:39]} 46. Rxa7 {[%clk 00:58:35]}
{[%emt 00:02:42]} Rxc5 {[%clk 00:57:15]} {[%emt 00:00:27]} 47. Ra4 {[%clk
00:57:31]} {[%emt 00:01:33]} Bc3 {[%clk 00:55:11]} {[%emt 00:02:34]} 48. Rc4
{[%clk 00:57:45]} {[%emt 00:00:17]} Bb4 {[%clk 00:52:23]} {[%emt 00:03:03]} 49.
Rxb4 {[%clk 00:55:42]} {[%emt 00:02:48]} Rd5 {[%clk 00:51:32]} {[%emt
00:01:20]} 50. Rc4 {[%clk 00:55:42]} {[%emt 00:00:31]} c5 {[%clk 00:51:17]}
{[%emt 00:00:45]} 51. Rc2 {[%clk 00:56:05]} {[%emt 00:00:07]} Kf5 {[%clk
00:51:00]} {[%emt 00:00:47]} 52. Rdxd2 {[%clk 00:56:25]} {[%emt 00:00:10]} Rxd2
{[%clk 00:50:35]} {[%emt 00:00:55]} 53. Rxd2 {[%clk 00:56:47]} {[%emt
00:00:08]} h5 {[%clk 00:50:47]} {[%emt 00:00:17]} 54. Rd5+ {[%clk 00:57:11]}
{[%emt 00:00:07]} Ke6 {[%clk 00:50:18]} {[%emt 00:00:56]} 55. Rxc5 {[%clk
00:57:31]} {[%emt 00:00:13]} Kf6 {[%clk 00:50:22]} {[%emt 00:00:26]} 56. Rxh5
{[%clk 00:57:54]} {[%emt 00:00:07]} Kg6 {[%clk 00:50:19]} {[%emt 00:00:34]} 57.
Rc5 {[%clk 00:58:17]} {[%emt 00:00:07]} Kf6 {[%clk 00:50:09]} {[%emt 00:00:39]}
58. b4 {[%clk 00:58:39]} {[%emt 00:00:08]} Kg6 {[%clk 00:50:25]} {[%emt
00:00:14]} 59. b5 {[%clk 00:58:56]} {[%emt 00:00:14]} Kf6 {[%clk 00:50:45]}
{[%emt 00:00:09]} 60. b6 {[%clk 00:59:21]} {[%emt 00:00:05]} Kg6 {[%clk
00:51:06]} {[%emt 00:00:10]} 61. b7 {[%clk 00:59:39]} {[%emt 00:00:11]} Kf6
{[%clk 00:50:41]} {[%emt 00:00:54]} 62. b8=Q {[%clk 00:59:20]} {[%emt
00:00:50]} Ke6 {[%clk 00:50:58]} {[%emt 00:00:14]} 63. Qb6+ {[%clk 00:59:39]}
{[%emt 00:00:11]} Kd7 {[%clk 00:51:13]} {[%emt 00:00:15]} 64. Rc7+ {[%clk
00:59:59]} {[%emt 00:00:10]} Kd8 {[%clk 00:51:11]} {[%emt 00:00:31]} 65. Qb8#
{[%emt 00:00:08]} 1-0

[Event "Deutsche Ländermeisterschaft 2025"]
[Site "Oer-Erkenschwick GER"]
[Date "2025.10.03"]
[Round "4"]
[White "Langer, Paul Georg"]
[Black "Sheng, Ming"]
[Result "0-1"]
[Termination "normal"]
[Board "9.1"]
[WhiteElo "1987"]
[BlackElo "2148"]
[WhiteClock "00:00:59"]
[BlackClock "00:58:05"]
[WhiteTeam "Thüringen"]
[BlackTeam "Saarland & Friends"]
[PlyCount "54"]
[WhiteFideId "16230051"]
[BlackFideId "34605258"]
[EventCountry "GER"]
[EventRounds "7"]
[EventType "team-swiss"]
[EventDate "2025.09.30"]

1. d4 {[%clk 01:30:57]} {[%emt 00:00:03]} Nf6 {[%clk 01:30:56]} {[%emt
00:00:03]} 2. Nf3 {[%clk 01:31:23]} {[%emt 00:00:05]} g6 {[%clk 01:30:53]}
{[%emt 00:00:33]} 3. c3 {[%clk 01:31:25]} {[%emt 00:00:28]} Bg7 {[%clk
01:31:07]} {[%emt 00:00:15]} 4. Bf4 {[%clk 01:31:37]} {[%emt 00:00:19]} O-O
{[%clk 01:31:11]} {[%emt 00:00:26]} 5. Nbd2 {[%clk 01:31:36]} {[%emt 00:00:30]}
d6 {[%clk 01:29:19]} {[%emt 00:02:23]} 6. e4 {[%clk 01:30:37]} {[%emt
00:01:29]} c5 {[%clk 01:28:05]} {[%emt 00:01:44]} 7. Qb3 {[%clk 01:21:11]}
{[%emt 00:09:55]} Nbd7 {[%clk 01:21:12]} {[%emt 00:07:23]} 8. Be2 {[%clk
01:09:12]} {[%emt 00:12:28]} a6 {[%clk 01:14:38]} {[%emt 00:07:03]} 9. O-O
{[%clk 01:04:14]} {[%emt 00:05:28]} b5 {[%clk 01:12:46]} {[%emt 00:02:21]} 10.
a4 {[%clk 01:01:55]} {[%emt 00:02:50]} b4 {[%clk 01:09:43]} {[%emt 00:03:33]}
11. dxc5 {[%clk 00:49:57]} {[%emt 00:12:29]} bxc3 {[%clk 01:09:37]} {[%emt
00:00:35]} 12. bxc3 {[%clk 00:49:00]} {[%emt 00:01:28]} Nxc5 {[%clk 01:10:00]}
{[%emt 00:00:07]} 13. Qc2 {[%clk 00:48:52]} {[%emt 00:00:38]} Bb7 {[%clk
01:09:57]} {[%emt 00:00:32]} 14. Bd3 {[%clk 00:34:13]} {[%emt 00:15:10]} Rc8
{[%clk 01:08:24]} {[%emt 00:02:03]} 15. Be3 {[%clk 00:26:53]} {[%emt 00:07:51]}
Nxd3 {[%clk 01:06:45]} {[%emt 00:02:08]} 16. Qxd3 {[%clk 00:27:09]} {[%emt
00:00:15]} Ng4 {[%clk 01:07:10]} {[%emt 00:00:04]} 17. Rfc1 {[%clk 00:15:32]}
{[%emt 00:12:07]} d5 {[%clk 01:03:18]} {[%emt 00:04:21]} 18. exd5 {[%clk
00:09:17]} {[%emt 00:06:47]} Nxe3 {[%clk 01:03:25]} {[%emt 00:00:23]} 19. fxe3
{[%clk 00:05:11]} {[%emt 00:04:36]} Bxd5 {[%clk 01:01:43]} {[%emt 00:02:11]}
20. e4 {[%clk 00:03:26]} {[%emt 00:02:16]} Qb6+ {[%clk 01:01:18]} {[%emt
00:00:54]} 21. Kh1 {[%clk 00:03:26]} {[%emt 00:00:30]} Ba8 {[%clk 01:00:19]}
{[%emt 00:01:29]} 22. a5 {[%clk 00:02:12]} {[%emt 00:01:44]} Qc6 {[%clk
00:59:22]} {[%emt 00:01:26]} 23. Ra3 {[%clk 00:01:19]} {[%emt 00:01:24]} Rfd8
{[%clk 00:59:28]} {[%emt 00:00:22]} 24. Qe3 {[%clk 00:01:12]} {[%emt 00:00:38]}
Qc5 {[%clk 00:58:36]} {[%emt 00:01:22]} 25. Qxc5 {[%clk 00:01:16]} {[%emt
00:00:27]} Rxc5 {[%clk 00:59:04]} {[%emt 00:00:01]} 26. c4 {[%clk 00:01:27]}
{[%emt 00:00:19]} Bb2 {[%clk 00:59:25]} {[%emt 00:00:09]} 27. Rca1 {[%clk
00:00:59]} {[%emt 00:00:58]} f5 {[%clk 00:58:05]} {[%emt 00:01:50]} 0-1